000 00624nam a2200253Ia 4500
003 OSt
005 20221007063608.0
006 a|||||r|||| 00| 0
007 ta
008 221006b |||||||| |||| 00| 0 eng d
020 _cRs. 12/-
024 _a7,941
037 _cTextual
040 _aFLL
_cFLL
_beng
041 _2eng
_aeng
082 _aY1:4511:61, L0
100 _aGhosh S.K.
245 0 _aHomicide
250 _a2nd
260 _aCalcutta
_bEastern Law House India
_c1970
300 _axii,189p
_ccm.
942 _hY1:4511:61, L0
_cTEXL
_2CC
999 _c1131627
_d1131627